[Event "IECC M-5224"]
[Site "IECC email"]
[Date "2005.04.06"]
[Round "?"]
[White "Medairy, Chuck"]
[Black "Forsman, Anders"]
[Result "1/2-1/2"]
[WhiteElo "1722"]
[BlackElo "1643"]
[PlyCount "122"]
[EventDate "2005.??.??"]
[EventType "tourn (corr)"]
[EventRounds "10"]
[SourceTitle "Corr 2008"]
[Source "ChessBase"]
[SourceDate "2008.06.24"]
[SourceVersion "1"]
[SourceVersionDate "2008.06.24"]
[SourceQuality "1"]

1. e4 c6 2. c4 d5 3. exd5 cxd5 4. cxd5 Nf6 5. Qa4+ Nbd7 6. Nc3 g6 7. Nf3 Bg7 8. Bc4 0-0 9. d3 a6 10. Qa3 Nb6 11. Qb3 Bg4 12. Be3 Nxc4 13. dxc4 Bxf3 14. gxf3 Qc7 15. c5 Nd7 16. Ne4 Qa5+ 17. Ke2 Qb5+ 18. Qxb5 axb5 19. Rhd1 Rfc8 20. d6 Re8 21. Kf1 b4 22. dxe7 Rxe7 23. Bg5 f6 24. Bd2 Ne5 25. Bxb4 Nxf3 26. Nd6 Nxh2+ 27. Kg2 Ng4 28. Re1 Rd7 29. a3 Ne5 30. Rad1 Rad8 31. Ba5 Ra8 32. Bc3 Rad8 33. b3 h5 34. f4 Ng4 35. a4 Bf8 36. Ba5 Ra8 37. Bb6 Bh6 38. Rd4 g5 39. Rh1 gxf4 40. Rxh5 Kh7 41. a5 Kg6 42. Rh4 Ne5 43. b4 Bg5 44. Rh1 Re7 45. b5 Nd7 46. Nc4 Ne5 47. Re4 Re6 48. Ree1 f3+ 49. Kf1 Rae8 50. Nxe5+ fxe5 51. Bc7 e4 52. c6 bxc6 53. b6 Bd2 54. Rb1 Bxa5 55. Bf4 e3 56. Rh6+ Kf7 57. Rxe6 e2+ 58. Kf2 Kxe6 59. b7 e1Q+ 60. Rxe1+ Bxe1+ 61. Kxf3 Kd5 1/2-1/2

[Event "IECC O-1879"]
[Site "IECC email"]
[Date "2004.02.05"]
[Round "?"]
[White "Forsman, Anders"]
[Black "Ryan, Steve"]
[Result "1-0"]
[WhiteElo "1600"]
[BlackElo "1392"]
[PlyCount "25"]
[EventDate "2004.02.05"]
[EventType "swiss (corr)"]
[EventRounds "2"]
[SourceTitle "Corr 2020"]
[Source "ChessBase"]
[SourceDate "2019.09.30"]
[SourceVersion "1"]
[SourceVersionDate "2019.09.30"]
[SourceQuality "1"]
[WhiteTeam "Finland"]
[BlackTeam "Canada"]
[WhiteTeamCountry "FIN"]
[BlackTeamCountry "CAN"]

1. e4 Nf6 2. e5 Nd5 3. d4 d6 4. Nf3 g6 5. Bc4 Nb6 6. Bb3 Bg7 7. a4 a5 8. Ng5 d5 9. 0-0 e6 10. Na3 Bd7 11. c3 0-0 12. Bc2 f6 13. Nxh7 1-0

[Event "IECC CL5-2003.08 email"]
[Site "IECC email"]
[Date "2003.04.01"]
[Round "?"]
[White "Sanchez Redondo, Jaime"]
[Black "Forsman, Anders"]
[Result "1/2-1/2"]
[WhiteElo "1470"]
[BlackElo "1433"]
[PlyCount "61"]
[EventDate "2003.??.??"]
[EventType "tourn (corr)"]
[EventRounds "4"]
[SourceTitle "Corr 2008"]
[Source "ChessBase"]
[SourceDate "2008.06.24"]
[SourceVersion "1"]
[SourceVersionDate "2008.06.24"]
[SourceQuality "1"]

1. e4 c6 2. d4 d5 3. Nd2 dxe4 4. Nxe4 Nf6 5. Nxf6+ gxf6 6. c3 Bf5 7. Nf3 Nd7 8. g3 e6 9. Bg2 Qc7 10. 0-0 Bd6 11. Re1 0-0-0 12. b4 e5 13. a4 Bg4 14. b5 c5 15. h3 Bh5 16. a5 Rhe8 17. b6 axb6 18. axb6 Nxb6 19. Qb3 Bxf3 20. Bxf3 exd4 21. Rxe8 Rxe8 22. Rb1 Bxg3 23. Kf1 Bxf2 24. Qxb6 Qxb6 25. Rxb6 Be3 26. Bb2 d3 27. Rxf6 Re7 28. c4 d2 29. Rd6 Bf4 30. Rd3 Re1+ 31. Kf2 1/2-1/2

[Event "IECC M email"]
[Site "IECC email"]
[Date "2003.03.08"]
[Round "?"]
[White "Forsman, Anders"]
[Black "Tutuianu, Aurelian"]
[Result "1/2-1/2"]
[WhiteElo "1509"]
[BlackElo "1553"]
[PlyCount "86"]
[EventDate "2003.??.??"]
[EventType "tourn (corr)"]
[EventRounds "6"]
[SourceTitle "Corr 2008"]
[Source "ChessBase"]
[SourceDate "2008.06.24"]
[SourceVersion "1"]
[SourceVersionDate "2008.06.24"]
[SourceQuality "1"]

1. e4 c5 2. Nf3 d6 3. Be2 Nc6 4. c3 Nf6 5. d4 cxd4 6. cxd4 Nxe4 7. d5 Qa5+ 8. Nc3 Nxc3 9. bxc3 Ne5 10. Nxe5 Qxc3+ 11. Bd2 Qxe5 12. 0-0 Qxd5 13. Rb1 Bd7 14. Bf3 Qxa2 15. Rxb7 Rc8 16. Bf4 Qc4 17. Qd2 a5 18. Re1 Qc3 19. Qxc3 Rxc3 20. Bxd6 e6 21. Be5 Rc8 22. Rd1 Ba4 23. Ra1 f6 24. Bh5+ g6 25. Bxf6 Bc6 26. Ra7 Bc5 27. R7xa5 Bxf2+ 28. Kxf2 Rf8 29. Bf3 Bxf3 30. gxf3 Rxf6 31. Ra7 Rf7 32. Rxf7 Kxf7 33. Ra7+ Kg8 34. Re7 Rc6 35. Kg3 h6 36. Kf4 g5+ 37. Ke5 Rc3 38. Rxe6 Kg7 39. Re7+ Kg6 40. Re6+ Kh5 41. Kf6 Rxf3+ 42. Kg7 Rh3 43. Rxh6+ Kg4 1/2-1/2

[Event "IECC M email"]
[Site "IECC email"]
[Date "2003.03.08"]
[Round "?"]
[White "Tutuianu, Aurelian"]
[Black "Forsman, Anders"]
[Result "1/2-1/2"]
[WhiteElo "1551"]
[BlackElo "1511"]
[PlyCount "90"]
[EventDate "2003.??.??"]
[EventType "tourn (corr)"]
[EventRounds "6"]
[SourceTitle "Corr 2008"]
[Source "ChessBase"]
[SourceDate "2008.06.24"]
[SourceVersion "1"]
[SourceVersionDate "2008.06.24"]
[SourceQuality "1"]

1. d4 Nf6 2. c4 c5 3. d5 b5 4. Nf3 Bb7 5. Nbd2 g6 6. e4 bxc4 7. Bxc4 d6 8. b3 Bg7 9. Bb2 0-0 10. Qc2 Nbd7 11. 0-0 Nb6 12. Rad1 Qd7 13. Bd3 e5 14. dxe6 Qxe6 15. Rfe1 Nfd7 16. Bxg7 Kxg7 17. Nc4 Rad8 18. Bf1 Nc8 19. Na5 Ba8 20. Bc4 Qf6 21. Bd5 Bxd5 22. Rxd5 Rfe8 23. Red1 Ndb6 24. R5d2 Qe6 25. e5 Rd7 26. exd6 Nxd6 27. Kf1 Ne4 28. Rxd7 Nxd7 29. Nc4 Ndf6 30. Re1 Qf5 31. Ne3 Qf4 32. Kg1 Rd8 33. Nc4 Qf5 34. h3 Rd7 35. Qb2 h6 36. Ne3 Qf4 37. Ng4 Nd2 38. Nfe5 Qd4 39. Qxd4 Rxd4 40. Rc1 Nxg4 41. hxg4 Kf6 42. Nc6 Rxg4 43. Rxc5 Nf3+ 44. Kf1 Nh2+ 45. Kg1 Nf3+ 1/2-1/2

[Event "IECC M email"]
[Site "IECC email"]
[Date "2003.02.05"]
[Round "?"]
[White "Low, Winston"]
[Black "Forsman, Anders"]
[Result "0-1"]
[WhiteElo "1369"]
[BlackElo "1415"]
[PlyCount "34"]
[EventDate "2003.??.??"]
[EventType "tourn (corr)"]
[EventRounds "6"]
[SourceTitle "Corr 2008"]
[Source "ChessBase"]
[SourceDate "2008.06.24"]
[SourceVersion "1"]
[SourceVersionDate "2008.06.24"]
[SourceQuality "1"]

1. c4 Nf6 2. Nc3 g6 3. e4 Bg7 4. d4 d6 5. Be2 0-0 6. Bg5 c5 7. d5 e6 8. Qd2 exd5 9. exd5 Qb6 10. Nf3 Bf5 11. 0-0 Nbd7 12. Bh6 Bxh6 13. Qxh6 Qxb2 14. Rac1 Bg4 15. h3 Bxf3 16. Bxf3 Ne5 17. Nb5 Nxc4 0-1

[Event "IECC M email"]
[Site "IECC email"]
[Date "2003.02.01"]
[Round "?"]
[White "Forsman, Anders"]
[Black "Johnson, Bernard S"]
[Result "1-0"]
[WhiteElo "1487"]
[BlackElo "1632"]
[PlyCount "151"]
[EventDate "2003.??.??"]
[EventType "tourn (corr)"]
[EventRounds "6"]
[SourceTitle "Corr 2008"]
[Source "ChessBase"]
[SourceDate "2008.06.24"]
[SourceVersion "1"]
[SourceVersionDate "2008.06.24"]
[SourceQuality "1"]

1. e4 e5 2. f4 exf4 3. Nf3 Ne7 4. Bc4 d5 5. Bb3 dxe4 6. Ng5 Nd5 7. Nxe4 Qh4+ 8. Nf2 Be6 9. Qe2 Qe7 10. Nc3 Nb4 11. Bxe6 Nxc2+ 12. Kd1 Nxa1 13. Nd5 Qc5 14. Bg4+ Kd8 15. Qd3 h5 16. Bf3 Nd7 17. Ne4 Qa5 18. Ng5 Ne5 19. Qf5 Qa4+ 20. b3 Nxb3 21. Qxe5 Nc5+ 22. Ke2 Qc4+ 23. d3 Qc2+ 24. Bd2 Qxd3+ 25. Ke1 Qb1+ 26. Kf2 Nd3+ 27. Ke2 Nxe5 28. Rxb1 Be7 29. Nxe7 Kxe7 30. Bxb7 Rab8 31. Bxf4 f6 32. Nf3 Kd6 33. Nxe5 fxe5 34. Rd1+ Ke7 35. Bg5+ Kf7 36. Bd5+ Kg6 37. h4 Rb2+ 38. Ke3 Rc8 39. Be4+ Kf7 40. Rf1+ Kg8 41. Bd5+ Kh7 42. Rf7 Kh8 43. Rf5 c6 44. Be6 Re8 45. Be7 g6 46. Rf7 Rxe7 47. Rxe7 Rxg2 48. Rxa7 Rh2 49. Ke4 Re2+ 50. Kf3 Rh2 51. Kg3 Rd2 52. a4 Rd3+ 53. Kf2 Rd4 54. a5 Rxh4 55. a6 Rf4+ 56. Kg3 Ra4 57. Bd7 Ra3+ 58. Kh4 Kg7 59. Rc7 Kh6 60. Rxc6 Ra4+ 61. Kh3 Ra3+ 62. Kg2 Kg5 63. Be8 Ra2+ 64. Kf3 h4 65. Rxg6+ Kf5 66. Rb6 e4+ 67. Ke3 Ra3+ 68. Kd4 Rd3+ 69. Kc5 Ra3 70. Bb5 h3 71. Rh6 Kg4 72. Kb4 Ra1 73. Ba4 Rb1+ 74. Ka5 Rb8 75. Bd7+ Kf3 76. Rxh3+ 1-0